000 00565nam a2200229Ia 4500
003 OSt
005 20220926044601.0
006 a|||||r|||| 00| 0
007 ta
008 220923b |||||||| |||| 00| 0 eng d
037 _cGeneral Book
040 _aRTL
_cRTL
_beng
041 _2eng
_aeng
082 _aV2:2.N6, K0
100 _aBasu Durga Das
245 0 _aShorter constitution of India
250 _a3
260 _c1960
650 _aConstitution India
942 _hV2:2.N6, K0
_cGB
_2CC
999 _c675266
_d675266